000 00670cam a22002293a 4500
001 26044
003 PGUSA
005 20140828083548.0
008 080712s2008||||xxu|||||s|||||000 1 eng d
040 _aPGUSA
_beng
042 _adc
050 4 _aPS
100 1 _aMacnaughtan, S.
_q(Sarah),
_d1864-1916
245 1 0 _aPeter and Jane; Or, The Missing Heir
_h[electronic resource] /
_cS. Macnaughtan
260 _bProject Gutenberg,
_c2008
506 _aPublic domain in the USA.
516 _aElectronic text
653 _aInheritance and succession -- Fiction
830 0 _aProject Gutenberg
_v26044
856 4 0 _uhttp://www.gutenberg.org/ebooks/26044
942 _cEB
999 _c255299
_d255299